| 000 | 01002cam a2200397 4500500 | ||
|---|---|---|---|
| 005 | 20260329004556.0 | ||
| 041 | _afre | ||
| 042 | _adc | ||
| 100 | 1 | 0 |
_aRontard, Yseult _eauthor |
| 245 | 0 | 0 | _aLe sel du rituel |
| 260 | _c2020. | ||
| 500 | _a69 | ||
| 690 | _aAddiction | ||
| 690 | _aAdèle Van Reeth | ||
| 690 | _aAlexis Lavis | ||
| 690 | _acafé | ||
| 690 | _aCharles Pépin | ||
| 690 | _aCigarette | ||
| 690 | _aDenis Moreau | ||
| 690 | _aEffort | ||
| 690 | _aÉtienne Klein | ||
| 690 | _aHabitude | ||
| 690 | _aJardin | ||
| 690 | _aJeanne Burgart Goutal | ||
| 690 | _aJoie | ||
| 690 | _améditation | ||
| 690 | _aMots croisés | ||
| 690 | _aRites | ||
| 690 | _aRituels | ||
| 690 | _aSport | ||
| 690 | _aTranspiration | ||
| 690 | _aUsages | ||
| 690 | _aYoga | ||
| 786 | 0 | _nPhilosophie magazine | 140 | 7 | 2020-07-01 | p. 25-27 | 1951-1787 | |
| 856 | 4 | 1 | _uhttps://shs.cairn.info/magazine-philosophie-magazine-2020-7-page-25?lang=fr&redirect-ssocas=7080 |
| 999 |
_c1835273 _d1835273 |
||